Electronic circuits; devices, models, functions, analysis, and design
Enregistré dans:
| Auteur principal: | |
|---|---|
| Format: | Livre |
| Langue: | English |
| Publié: |
New York, Van Nostrand Reinhold
1971
|
| Sujets: | |
| Tags: |
Ajouter un tag
Pas de tags, Soyez le premier à ajouter un tag!
|
MARC
| LEADER | 00000nam a2200000Ia 4500 | ||
|---|---|---|---|
| 003 | 002473 | ||
| 005 | 20221231143938.0 | ||
| 008 | 140114s1971 nyua 000 ||eng d | ||
| 040 | |c cru CEDI | ||
| 082 | |a 621.381.53 G411e | ||
| 100 | |a Ghausi, Mohammed Shuaib |9 19207 | ||
| 245 | |a Electronic circuits; devices, models, functions, analysis, and design | ||
| 260 | |a New York, Van Nostrand Reinhold |c 1971 | ||
| 300 | |a xviii, 731 páginas. ilustraciones. 25 cm. | ||
| 650 | |x CIRCUITOS ELECTRONICOS |9 21563 | ||
| 942 | |2 ddc |c BK | ||
| 999 | |c 14601 |d 14601 | ||
